Advances in Hydroinformatics : (Record no. 593661)

000 -LEADER
fixed length control field 03833cam a22006255i 4500
001 - CONTROL NUMBER
control field 21681037
003 - CONTROL NUMBER IDENTIFIER
control field NUST
005 - DATE AND TIME OF LATEST TRANSACTION
control field 20230314092641.0
006 - FIXED-LENGTH DATA ELEMENTS--ADDITIONAL MATERIAL CHARACTERISTICS
fixed length control field m |o d |
007 - PHYSICAL DESCRIPTION FIXED FIELD--GENERAL INFORMATION
fixed length control field cr |||||||||||
008 - FIXED-LENGTH DATA ELEMENTS--GENERAL INFORMATION
fixed length control field 180226s2018 si |||| o |||| 0|eng
010 ## - LIBRARY OF CONGRESS CONTROL NUMBER
LC control number 2019747296
020 ## - INTERNATIONAL STANDARD BOOK NUMBER
International Standard Book Number 9789811072185
024 7# - OTHER STANDARD IDENTIFIER
Standard number or code 10.1007/978-981-10-7218-5
Source of number or code doi
035 ## - SYSTEM CONTROL NUMBER
System control number (DE-He213)978-981-10-7218-5
040 ## - CATALOGING SOURCE
Original cataloging agency DLC
Language of cataloging eng
Description conventions pn
-- rda
Transcribing agency DLC
072 #7 - SUBJECT CATEGORY CODE
Subject category code RBGK
Source thema
072 #7 - SUBJECT CATEGORY CODE
Subject category code RBP
Source bicssc
072 #7 - SUBJECT CATEGORY CODE
Subject category code RBP
Source thema
072 #7 - SUBJECT CATEGORY CODE
Subject category code SCI042000
Source bisacsh
082 04 - DEWEY DECIMAL CLASSIFICATION NUMBER
Classification number 551.480 MOR
Edition number 23
245 00 - TITLE STATEMENT
Title Advances in Hydroinformatics :
Remainder of title SimHydro 2017 - Choosing The Right Model in Applied Hydraulics /
Statement of responsibility, etc. edited by Philippe Gourbesville, Jean Cunge, Guy Caignaert.
250 ## - EDITION STATEMENT
Edition statement 1st ed. 2018.
264 #1 - PRODUCTION, PUBLICATION, DISTRIBUTION, MANUFACTURE, AND COPYRIGHT NOTICE
Place of production, publication, distribution, manufacture Singapore :
Name of producer, publisher, distributor, manufacturer Springer Singapore :
-- Imprint: Springer,
Date of production, publication, distribution, manufacture, or copyright notice 2018.
300 ## - PHYSICAL DESCRIPTION
Extent 1 online resource (XVII, 1231 pages 775 illustrations, 647 illustrations in color.)
336 ## - CONTENT TYPE
Content type term text
Content type code txt
Source rdacontent
337 ## - MEDIA TYPE
Media type term computer
Media type code c
Source rdamedia
338 ## - CARRIER TYPE
Carrier type term online resource
Carrier type code cr
Source rdacarrier
347 ## - DIGITAL FILE CHARACTERISTICS
File type text file
Encoding format PDF
Source rda
490 1# - SERIES STATEMENT
Series statement Springer Water,
International Standard Serial Number 2364-6934
505 0# - FORMATTED CONTENTS NOTE
Formatted contents note Preface -- Part 1. Methods for modeling and uncertainty -- Part 2. Hydroinformatics systems and applications -- Part 3. Flood simulation and forecasting -- Part 4. Advanced approaches (scale, numerical, 3D models) to special and complex hydraulics applications.
520 ## - SUMMARY, ETC.
Summary, etc. This book gathers a collection of extended papers based on presentations given during the SimHydro 2017 conference, held in Sophia Antipolis, Nice, France on June 14-16, 2017. It focuses on how to choose the right model in applied hydraulics and considers various aspects, including the modeling and simulation of fast hydraulic transients, 3D modeling, uncertainties and multiphase flows. The book explores both limitations and performance of current models and presents the latest developments in new numerical schemes, high-performance computing, multiphysics and multiscale methods, and better interaction with field or scale model data. It gathers the lastest theoretical and innovative developments in the modeling field and presents some of the most advance applications on various water related topics like uncertainties, flood simulation and complex hydraulic applications. Given its breadth of coverage, it addresses the needs and interests of practitioners, stakeholders, researchers and engineers alike.
588 ## - SOURCE OF DESCRIPTION NOTE
Source of description note Description based on publisher-supplied MARC data.
650 #0 - SUBJECT ADDED ENTRY--TOPICAL TERM
Topical term or geographic name entry element Computer mathematics.
9 (RLIN) 89119
650 #0 - SUBJECT ADDED ENTRY--TOPICAL TERM
Topical term or geographic name entry element Computer simulation.
9 (RLIN) 1599
650 #0 - SUBJECT ADDED ENTRY--TOPICAL TERM
Topical term or geographic name entry element Engineering geology.
650 #0 - SUBJECT ADDED ENTRY--TOPICAL TERM
Topical term or geographic name entry element Engineering-Geology.
650 #0 - SUBJECT ADDED ENTRY--TOPICAL TERM
Topical term or geographic name entry element Foundations.
9 (RLIN) 892
650 #0 - SUBJECT ADDED ENTRY--TOPICAL TERM
Topical term or geographic name entry element Hydraulics.
650 #0 - SUBJECT ADDED ENTRY--TOPICAL TERM
Topical term or geographic name entry element Hydrology.
650 14 - SUBJECT ADDED ENTRY--TOPICAL TERM
Topical term or geographic name entry element Geoengineering, Foundations, Hydraulics.
Authority record control number or standard number https://scigraph.springernature.com/ontologies/product-market-codes/T23020
9 (RLIN) 51848
650 24 - SUBJECT ADDED ENTRY--TOPICAL TERM
Topical term or geographic name entry element Computational Science and Engineering.
Authority record control number or standard number https://scigraph.springernature.com/ontologies/product-market-codes/M14026
650 24 - SUBJECT ADDED ENTRY--TOPICAL TERM
Topical term or geographic name entry element Hydrology/Water Resources.
Authority record control number or standard number https://scigraph.springernature.com/ontologies/product-market-codes/211000
9 (RLIN) 30255
650 24 - SUBJECT ADDED ENTRY--TOPICAL TERM
Topical term or geographic name entry element Simulation and Modeling.
Authority record control number or standard number https://scigraph.springernature.com/ontologies/product-market-codes/I19000
9 (RLIN) 110205
700 1# - ADDED ENTRY--PERSONAL NAME
Personal name Caignaert, Guy.
Relator term editor.
9 (RLIN) 110206
700 1# - ADDED ENTRY--PERSONAL NAME
Personal name Cunge, Jean.
Relator term editor.
9 (RLIN) 110207
700 1# - ADDED ENTRY--PERSONAL NAME
Personal name Gourbesville, Philippe.
Relator term editor.
9 (RLIN) 110208
776 08 - ADDITIONAL PHYSICAL FORM ENTRY
Relationship information Print version:
Title Advances in hydroinformatics.
International Standard Book Number 9789811072178
Record control number (DLC) 2017958585
776 08 - ADDITIONAL PHYSICAL FORM ENTRY
Relationship information Printed edition:
International Standard Book Number 9789811072178
776 08 - ADDITIONAL PHYSICAL FORM ENTRY
Relationship information Printed edition:
International Standard Book Number 9789811072192
776 08 - ADDITIONAL PHYSICAL FORM ENTRY
Relationship information Printed edition:
International Standard Book Number 9789811356063
830 #0 - SERIES ADDED ENTRY--UNIFORM TITLE
Uniform title Springer Water,
International Standard Serial Number 2364-6934
9 (RLIN) 110209
906 ## - LOCAL DATA ELEMENT F, LDF (RLIN)
a 0
b ibc
c origres
d u
e ncip
f 20
g y-gencatlg
942 ## - ADDED ENTRY ELEMENTS (KOHA)
Source of classification or shelving scheme
Koha item type Book
Holdings
Withdrawn status Lost status Source of classification or shelving scheme Damaged status Not for loan Permanent Location Current Location Date acquired Total Checkouts Full call number Barcode Date last seen Price effective from Koha item type
          School of Civil and Environmental Engineering (SCEE) School of Civil and Environmental Engineering (SCEE) 03/14/2023   551.480 MOR NIT-13635 03/14/2023 03/14/2023 Book
© 2023 Central Library, National University of Sciences and Technology. All Rights Reserved.